000 00553nam a22001817a 4500
005 20251108165434.0
008 250721s1994 xx 000 0 ara d
082 1 4 _a217.364/خمي
100 1 _aالخميس، محمد بن عبد الرحمن
245 1 0 _aبيان الشرك و وسائله عند علماء الشافعية /
264 1 _aالشارقة :
_bدار الفتح،
_c1994.
300 _a64ص
650 1 7 _aالشرك
650 1 7 _aالإيمان
650 1 7 _aالمذهب الشافعي
942 _2ddc
_cBK
999 _c27929
_d27929